Vocabulaire Anglais (difficile) #3 - Statistiques

Statistiques générales
  • Ce quiz a été pris 146 fois
  • Le résultat moyen est 26 sur 150
Statistiques - réponses
Hint Réponse % Correct
to dip tremper
69%
straw paille
59%
to kneel s'agenouiller
59%
bitter amer
58%
phantom fantôme
58%
heel talon
56%
ham jambon
52%
choir chorale
51%
well (object) puit
50%
scar cicatrice
49%
rust rouille
49%
to curse maudire/insulter/jurer
48%
monk moine
48%
ache douleur
43%
crust croûte
38%
breast poitrine
38%
hoop cerceau
37%
to bend courber/plier/tordre
37%
lid couvercle
35%
harness harnais
35%
to soak laisser tremper
34%
tyre pneu
34%
gown robe
34%
freckle tâche de rousseur
34%
net filet
33%
cloak manteau/cape
33%
apple sauce compote
31%
slug limace
30%
criterion critère
29%
to chop hacher
29%
to despise mépriser
28%
to batter battre
27%
chunk morceau
27%
to stutter bégayer
26%
lure appât
24%
barbed wire barbelé
24%
scarlet écarlate
24%
moth papillon
24%
buttock fesse
23%
jug carafe/pichet
22%
untie dénouer
22%
bothersome gênant/embêtant/dérangeant
22%
loaf pain
22%
to limp boîter
21%
to stroke caresser/frapper
21%
bead perle
21%
shallow peu profond
21%
to quake trembler
21%
meadow pré
20%
stroll promenade
20%
repellent repoussant
20%
to flush laver à l'eau/rougir
19%
tar goudron/bitume
17%
skillet poêle
17%
to mend réparer
17%
cunning rusé
17%
flint silex
17%
to pat tapoter
17%
shin tibia
17%
blister ampoule/cloque
16%
ditch fossé
16%
apex sommet
16%
tepid tiède
16%
to quiver trembler/frissoner
16%
crook escroc
15%
wart verrue
15%
to poke dépasser/appuyer/pousser/donner un coup
14%
to sprawl s'étendre/s'affaler
14%
scout éclaireur
13%
to duck se baisser/plonger
13%
soot suie
13%
to brew brasser
12%
stove cuisinière
12%
to skid déraper
12%
to doze faire la sieste
12%
to hurl lancer/accabler
12%
slugish lent
12%
glisten luire
12%
quaint pittoresque
12%
crease pliure/pli
12%
to ponder réfléchir
12%
to cling s'accrocher/se cramponner
12%
thatch chaume/paille
10%
ridge crête/corniche
10%
to stare dévisager
10%
to whimper gémir
10%
steady régulier
10%
to wade avancer dans l'eau/patauger
9%
to sway balancer/osciller/convaincre
9%
to throb battre/palpiter
9%
knob bouton
9%
sty porcherie
9%
elated ravi
9%
sullen renfrogné
9%
stiff rigide
9%
shrub arbuste
8%
duffer cancre
8%
to clot coaguler
8%
to liken comparer
8%
pep dynamisme
8%
hack off ennuyer/amputer
8%
to broil griller
8%
malingerer simulateur
8%
splotch tache/éclaboussure
8%
to rig truquer
8%
to muffle assourdir
7%
to sulk bouder
7%
strap bretelle
7%
meek docile
7%
to puff up enfler
7%
rack étagère
7%
to sag fléchir/s'affaisser
7%
gallows potence
7%
to decay pourrir
7%
to churn out produire
7%
to tote trimballer
7%
sapling arbrisseau
6%
slab bloc/pavé
6%
to pile out déguerpir/partir
6%
poise équilibre/calme/assurance
6%
to pry fouiner
6%
figment invention
6%
cowhide peau de vache
6%
grubby sale
6%
fir sapin
6%
to huddle se rassembler
6%
stout solide
6%
stocky trapu
6%
blustery venteux
6%
to brood couver
5%
to waddle dandiner
5%
to shrivell se ratatiner
5%
acreage superficie
5%
to haul transporter/hisser/trainer
5%
patently clairement
3%
steep fort
3%
to ram percuter
3%
to swivel pivoter
3%
to snuggle se blottir
3%
sultry étouffant
2%
sheaf liasse/gerbe
2%
gully ravin/caniveau
2%
to chewing out réprimander
2%
to fizzle s'essoufler
2%
conceited vaniteux
2%
bogus factice
1%
scrap fragment
1%
gleam lueur
1%
muck saletés
1%
scuffle bagare
0%
Aucun quiz correspondant
Distribution des résultats
% des personnes avec chaque résultat
Percentile par nombre de réponses
Votre historique - résultats
Vous n’avez pas pris ce quiz